<?xml version="1.0" encoding="UTF-8"?>
<collection xmlns="http://www.loc.gov/MARC21/slim">
<record>
  <controlfield tag="001">1896</controlfield>
  <controlfield tag="005">20160701171655.0</controlfield>
  <datafield tag="024" ind1="7" ind2=" ">
    <subfield code="a">10.1093/mnras/259.3.563</subfield>
    <subfield code="2">DOI</subfield>
  </datafield>
  <datafield tag="037" ind1=" " ind2=" ">
    <subfield code="a">ASTROimport-53</subfield>
  </datafield>
  <datafield tag="100" ind1=" " ind2=" ">
    <subfield code="a">Argue, A. N.</subfield>
  </datafield>
  <datafield tag="260" ind1=" " ind2=" ">
    <subfield code="c">1992</subfield>
  </datafield>
  <datafield tag="245" ind1=" " ind2=" ">
    <subfield code="a">Double star CCD astrometry and photometry</subfield>
  </datafield>
  <datafield tag="520" ind1=" " ind2=" ">
    <subfield code="a">Results are presented for angular separation, position angle and V and R photometry for 2373 binary stars, obtained with the CCD camera on the 1-m Jacobus Kapteyn Telescope at La Palma. The stars are part of the Input Catalogue of the Hipparcos Astrometric Satellite launched in 1989 August, and the purpose of our measurements is to assist in the satellite reductions. The A-components of the binaries have V magnitudes in the range 8 to 12 mag, and A-B angular separations (rho) 0.5-30 arcsec with the majority in the range 0.5-5 arcsec. The internal consistency achieved for the photometry is less than 0.01 mag for components of nearly equal brightness, deteriorating to 0.1 mag for Delta(v) of about 4 mag. For the astrometry, the internal consistency for rho varies between 0.01 and 0.1 arcsec, being worse for small separation and large Delta(v). </subfield>
  </datafield>
  <datafield tag="700" ind1=" " ind2=" ">
    <subfield code="a"> Bunclark, P. S.</subfield>
  </datafield>
  <datafield tag="700" ind1=" " ind2=" ">
    <subfield code="a"> Irwin, M. J.</subfield>
  </datafield>
  <datafield tag="700" ind1=" " ind2=" ">
    <subfield code="a"> Lampens, P.</subfield>
  </datafield>
  <datafield tag="700" ind1=" " ind2=" ">
    <subfield code="a"> Sinachopoulos, D.</subfield>
  </datafield>
  <datafield tag="700" ind1=" " ind2=" ">
    <subfield code="a"> Wayman, P. A.</subfield>
  </datafield>
  <datafield tag="773" ind1=" " ind2=" ">
    <subfield code="p">Monthly Notices of the Royal Astronomical Society</subfield>
    <subfield code="v">259</subfield>
    <subfield code="y">1992</subfield>
    <subfield code="c">563-568</subfield>
  </datafield>
  <datafield tag="856" ind1="4" ind2="2">
    <subfield code="a">http://esoads.eso.org/abs/1992MNRAS.259..563A</subfield>
  </datafield>
  <datafield tag="905" ind1=" " ind2=" ">
    <subfield code="a">published in</subfield>
  </datafield>
  <datafield tag="980" ind1=" " ind2=" ">
    <subfield code="a">REFERD</subfield>
  </datafield>
</record>
</collection>